[Event "Cto por Equipos de Aragon-Preferente II"]
[Site ""]
[Date "2023.03.04"]
[Round "6.63"]
[White "Veras Sanz, Marino"]
[Black "Carretero Cacho, Juan Jose"]
[Result "1-0"]
[WhiteElo "2054"]
[BlackElo "2054"]
[PlyCount "0"]
[WhiteTeam "El Olivar B"]
[BlackTeam "Agrupacion A"]
[EventDate "2023.01.28"]

1. d4 d5 2. c4 e6 3. Nc3 c6 4. cxd5 exd5 5. Nf3 Bf5 6. e3 Nf6 7. Bd3 Bxd3 8.
Qxd3 Bd6 9. O-O O-O 10. e4 dxe4 11. Nxe4 Nxe4 12. Qxe4 Qf6 13. Re1 Na6 14. d5
Nc5 15. Qc4 b5 16. Qd4 Qxd4 17. Nxd4 Nd3 18. Re2 Nxc1 19. Rxc1 cxd5 20. Nxb5
Bf4 21. Rd1 Rfc8 22. Nc3 Rab8 23. Nxd5 Rc1 24. Rxc1 Bxc1 25. b3 Rd8 26. g3 Ba3
27. Rd2 Kf8 28. Kf1 Rc8 29. Ne3 Ke7 30. Nf5+ Kf6 31. Nd6 Rc1+ 32. Kg2 Ke7 33.
Nc4 Bb4 34. Re2+ Kf6 35. Ne5 Rd1 36. Ng4+ Kg6 37. h4 f6 38. Ne3 Rc1 39. Rc2
Rxc2 40. Nxc2 Bd6 41. b4 Kf5 42. Kf3 Ke5 43. Ke3 Kd5 44. Kd3 h5 45. Ne3+ Kc6
46. Kc4 g5 47. b5+ Kd7 48. Kd5 Bb4 49. Nf5 Be1 50. f3 Bf2 51. a4 Be1 52. f4 {
tiempo} 1-0

[Event "Cto por Equipos de Aragon-Preferente II"]
[Site ""]
[Date "2023.03.04"]
[Round "6.64"]
[White "Barros Gutierrez, Angel Luis"]
[Black "Galve Guinea, Alejandro"]
[Result "0-1"]
[WhiteElo "2051"]
[BlackElo "1960"]
[PlyCount "0"]
[WhiteTeam "Agrupacion A"]
[BlackTeam "El Olivar B"]
[EventDate "2023.01.28"]

1. d4 d5 2. c4 c6 3. Nf3 Nf6 4. Nc3 dxc4 5. a4 Bf5 6. e3 e6 7. Bxc4 Bb4 8. O-O
Nbd7 9. Qe2 O-O 10. e4 Bg4 11. h3 Bh5 12. Bg5 Qa5 13. e5 Nd5 14. Ne4 c5 15. Bb5
Qc7 16. Bxd7 Qxd7 17. Nxc5 Bxc5 18. dxc5 Qc7 19. g4 Bg6 20. Qc4 Rfc8 21. Rfc1
a5 22. Bd2 Ra6 23. Qb5 h5 24. Ra3 hxg4 25. hxg4 Rc6 26. Bxa5 b6 27. Bd2 bxc5
28. Bc3 Rb8 29. Qc4 Nb6 30. Ba5 Nxc4 31. Bxc7 Rxc7 32. Rxc4 Rxb2 33. Nd4 Rd7
34. Nb5 Rdd2 35. Rxc5 Be4 36. Rh3 Rb1+ 37. Kh2 Rh1+ 38. Kg3 Rd3+ 0-1

[Event "Cto por Equipos de Aragon-Preferente II"]
[Site ""]
[Date "2023.03.04"]
[Round "6.65"]
[White "Arinez Bruna, Octavio"]
[Black "Mimbela Lopez, Luis"]
[Result "0-1"]
[WhiteElo "1876"]
[BlackElo "2016"]
[PlyCount "0"]
[WhiteTeam "El Olivar B"]
[BlackTeam "Agrupacion A"]
[EventDate "2023.01.28"]

1. d4 Nf6 2. Bg5 d5 3. Bxf6 exf6 4. e3 Bf5 5. Bd3 Bxd3 6. Qxd3 c6 7. Nd2 Bd6 8.
Ne2 Na6 9. a3 O-O 10. O-O-O b5 11. g4 Nc7 12. h4 a5 13. g5 a4 14. Qf5 b4 15.
axb4 a3 16. b3 Bxb4 17. gxf6 g6 18. Qf3 Qd6 19. c3 c5 20. h5 cxd4 21. exd4 a2
22. Kb2 Ba3+ 23. Ka1 Ne6 24. Rdg1 Ra7 25. Ng3 Qf4 26. Qxf4 Nxf4 27. Kxa2 Bc1+
28. Kb1 Bxd2 29. Nf5 Rfa8 30. b4 Ra1+ 31. Kc2 R1a2+ 32. Kd1 Bxc3 33. Ne7+ Kf8
34. hxg6 Rd2+ 0-1

[Event "Cto por Equipos de Aragon-Preferente II"]
[Site ""]
[Date "2023.03.04"]
[Round "6.66"]
[White "Carruez Berges, Santiago"]
[Black "Munoz Valles, Jorge"]
[Result "0-1"]
[WhiteElo "1930"]
[BlackElo "1838"]
[PlyCount "0"]
[WhiteTeam "Agrupacion A"]
[BlackTeam "El Olivar B"]
[EventDate "2023.01.28"]

1. e4 c6 2. Nc3 d5 3. Nf3 Bg4 4. h3 Bxf3 5. Qxf3 e6 6. g3 Nd7 7. Bg2 Ngf6 8.
O-O Qb6 9. d3 Bd6 10. a4 a5 11. exd5 Nxd5 12. Nxd5 cxd5 13. Qg4 O-O 14. Be3 Qc7
15. Rac1 Bc5 16. Bd2 Nf6 17. Qe2 Qxg3 18. c4 Bd4 19. Bc3 Qf4 20. Bd2 Qd6 21. b3
b6 22. Qf3 Rac8 23. Rfe1 Rfd8 24. Bf4 Qa3 25. Rb1 dxc4 26. dxc4 Nd7 27. Red1
Nc5 28. Qg4 Qa2 29. Qg3 Qc2 30. Rdc1 Qf5 31. Rf1 Nd3 32. Be3 Bxe3 33. Qxe3 Nc5
34. Qf3 Qxf3 35. Bxf3 Rd3 36. Bd1 Rxh3 37. b4 Ne4 38. bxa5 bxa5 39. Re1 Nd2 40.
Rb5 Nxc4 41. Bb3 Nd2 0-1

[Event "Cto por Equipos de Aragon-Preferente II"]
[Site ""]
[Date "2023.03.04"]
[Round "6.67"]
[White "Juberias Segura, Santiago"]
[Black "Muro Guerrero, Miguel"]
[Result "0-1"]
[WhiteElo "2042"]
[BlackElo "1939"]
[PlyCount "0"]
[WhiteTeam "Utebo San Lamberto A"]
[BlackTeam "Dr. Azua A"]
[EventDate "2023.01.28"]

1. c4 c5 2. g3 Nc6 3. Bg2 g6 4. d3 Bg7 5. Nc3 e6 6. Nf3 Nge7 7. O-O O-O 8. Bf4
d5 9. Rc1 d4 10. Na4 e5 11. Bd2 Qd6 12. a3 b6 13. b4 Rb8 14. bxc5 bxc5 15. Rb1
Bd7 16. Qc2 Rfc8 17. Rxb8 Rxb8 18. Rb1 Rxb1+ 19. Qxb1 Nd8 20. Qb3 Ne6 21. Ng5
Nxg5 22. Bxg5 Nf5 23. Bd5 Bh6 24. Bxh6 Nxh6 25. Nb2 Qb6 26. Qxb6 axb6 27. Bb7
Nf5 28. Ba6 Nd6 29. a4 Kf8 30. Bb5 Ke7 31. Kg2 f5 32. f3 Bc8 33. Nd1 Bb7 34.
Nf2 e4 35. Nh3 Nf7 36. fxe4 fxe4 37. dxe4 Bxe4+ 38. Kf1 Ne5 39. Ke1 Bf5 40. Nf4
Be6 41. Nxe6 Kxe6 42. h3 Kf5 43. Kf2 Ke4 44. Ba6 d3 45. e3 d2 46. Ke2 d1=Q+ 47.
Kxd1 Kxe3 48. Ke1 Kd4 49. Kf2 Nxc4 50. Kf3 Nb2  0-1

[Event "Cto por Equipos de Aragon-Preferente II"]
[Site ""]
[Date "2023.03.04"]
[Round "6.68"]
[White "Cajo Esteban, Ruben"]
[Black "Lopez Guaita, Fernando"]
[Result "0-1"]
[WhiteElo "1865"]
[BlackElo "1836"]
[PlyCount "0"]
[WhiteTeam "Dr. Azua A"]
[BlackTeam "Utebo San Lamberto A"]
[EventDate "2023.01.28"]

1. d4 d5 2. Nf3 Nf6 3. c4 e6 4. Nc3 Be7 5. Bg5 h6 6. Bxf6 Bxf6 7. cxd5 exd5 8.
e3 O-O 9. Bd3 c6 10. O-O Re8 11. h3 Nd7 12. b4 a6 13. a4 Rb8 14. b5 Nc5 15.
bxc6 Nxd3 16. cxb7 Bf5 17. Qb3 Re7 18. Qxd5 Qxd5 19. Nxd5 Rexb7 20. Nxf6+ gxf6
21. g4 Bd7 22. Nd2 Rb4 23. a5 Ra4 24. Kg2 Rxa1 25. Rxa1 Rb2 26. Nc4 Rxf2+ 27.
Kg3 Bc6 28. Ra3 Rf3+ 29. Kh4 Nf2 30. e4 Rxa3 31. Nxa3 Nxe4 32. Nc2 Nd6 33. Kh5
Kg7 34. Nb4 Bb7 35. d5 Nc4 36. Nc6 Ne3 37. Nb4 Nxd5 38. Nd3 Ne7 39. Nc5 Bc8 40.
Ne4 Nc6 41. Nd6 Bd7 42. Nb7 Be6 43. Nd6 Nxa5 44. Ne8+ Kf8 45. Nxf6 Nc6 46. Kxh6
a5 47. Ne4 a4 48. Nc3 a3 49. Kg5 Nd4 50. Kf4 Ne2+ 51. Nxe2 a2  0-1

[Event "Cto por Equipos de Aragon-Preferente II"]
[Site ""]
[Date "2023.03.04"]
[Round "6.69"]
[White "Olivan Lopez, Dario"]
[Black "Garcia Garcia, Enrique"]
[Result "1/2-1/2"]
[WhiteElo "1787"]
[BlackElo "1797"]
[PlyCount "0"]
[WhiteTeam "Utebo San Lamberto A"]
[BlackTeam "Dr. Azua A"]
[EventDate "2023.01.28"]

1. e4 c5 2. Nf3 d6 3. d4 Nf6 4. Bb5+ Bd7 5. Bd3 cxd4 6. Nxd4 e5 7. Ne2 Bc6 8.
Nbc3 Be7 9. O-O O-O 10. Ng3 d5 11. exd5 Nxd5 12. Qh5 g6 13. Qh6 Re8 14. Nxd5
Qxd5 15. Be4 Qd6 16. Bg5 Bf8 17. Qh4 Be7 18. Bxe7 Qxe7 19. Qxe7 Rxe7 20. Rad1
Na6 21. Bxc6 bxc6 22. Rd6 Rb8 23. h4 Rxb2 24. Rxc6 Rxa2 25. Ne4 Nb4 26. Rc8+
Kg7 27. c3 Nd5 28. Rd1 Nf6 29. Nxf6 Kxf6 30. g4 e4 31. Rd5 Ke6 32. c4 Ra6 33.
Rcd8 f6 34. Kg2 Rc6 35. Rd4 f5 36. Kg3 Rec7 37. gxf5+ gxf5 38. Kf4 Rxc4 39.
R8d6+ Ke7 40. Rxc4 Kxd6 41. Ra4 Rf7 42. h5 Kc6 43. Ra5 Kb6 44. Rxf5 Rxf5+ 45.
Kxf5 a5 46. Kxe4 a4 47. Kd4 a3  1/2-1/2

[Event "Cto por Equipos de Aragon-Preferente II"]
[Site ""]
[Date "2023.03.04"]
[Round "6.70"]
[White "Abenia Porroche, Roberto"]
[Black "Cabestre Mines, Juan Ignacio"]
[Result "1-0"]
[WhiteElo "1699"]
[BlackElo "1391"]
[PlyCount "0"]
[WhiteTeam "Dr. Azua A"]
[BlackTeam "Utebo San Lamberto A"]
[EventDate "2023.01.28"]

1. Nf3 d5 2. d4 e6 3. g3 h6 4. Bg2 Nf6 5. c4 Be7 6. Nc3 c6 7. Qb3 Qb6 8. c5 Qxb3
9. axb3 O-O 10. O-O Na6 11. Ra4 b5 12. Ra1 Nb4 13. Bd2 a5 14. Nxb5 Nc2 15. Rac1
Nb4 16. Nc3 Bb7 17. Na4 Ne4 18. Bxb4 axb4 19. Rfd1 Bd8 20. Ne5 Nf6 21. e3 Bc7
22. Nd3 Ba5 23. Ra1 Ra6 24. Bf1 Rfa8 25. Kg2 R6a7 26. Ne5 Bc7 27. Nd3 Ba5 28.
f3 Nd7 29. Kf2 Ba6 30. Nf4 Bxf1 31. Kxf1 g6 32. Nd3 Kg7 33. Re1 f5 34. e4 Kf6
35. exd5 exd5 36. Re2 Kf7 37. Rae1 Nf6 38. Ne5+  1-0

[Event "Ctor por Equipos de Aragon-Division de Honor"]
[Site ""]
[Date "2023.03.11"]
[Round "7.1"]
[White "Adla, Diego"]
[Black "Cifuentes Parada, Roberto"]
[Result "1/2-1/2"]
[WhiteElo "2400"]
[BlackElo "2410"]
[PlyCount "0"]
[WhiteTeam "MyInvestor Casablanca"]
[BlackTeam "Jaque - Aramovil"]
[EventDate "2023.01.28"]

1. d4 d5 2. c4 e6 3. Nf3 Nf6 4. Bg5 Be7 5. Qc2 O-O 6. e3 Nbd7 7. Nbd2 c5 8.
cxd5 Nxd5 9. Bxe7 Qxe7 10. a3 b6 11. dxc5 Nxc5 12. b4 Nd7 13. Bd3 h6 14. O-O
Bb7 15. Rfc1 Rfc8 16. Qb2 N5f6 17. Rxc8+ Rxc8 18. Rc1 Rxc1+ 19. Qxc1 Qd6 20.
Qc3 Nd5 21. Qd4 Qc7 22. Bc4 a5 23. bxa5 bxa5 24. h3 N5b6 25. Bb5 Qc1+ 26. Kh2
Qc7+ 27. Kg1 Qc1+ 28. Kh2 Qc7+ 29. Kg1 1/2-1/2

[Event "Ctor por Equipos de Aragon-Division de Honor"]
[Site ""]
[Date "2023.03.11"]
[Round "7.2"]
[White "Escartin Lacasa, Jose"]
[Black "Glavina, Pablo"]
[Result "1/2-1/2"]
[WhiteElo "2284"]
[BlackElo "2408"]
[PlyCount "0"]
[WhiteTeam "Jaque - Aramovil"]
[BlackTeam "MyInvestor Casablanca"]
[EventDate "2023.01.28"]

1. d4 Nf6 2. Nf3 e6 3. g3 c5 4. Bg2 cxd4 5. O-O d5 6. Nxd4 e5 7. Nb3 a5 8. a4
Be6 9. Nc3 Be7 10. f4 d4 11. fxe5 dxc3 12. Qxd8+ Bxd8 13. exf6 Bxf6 14. bxc3
Bxc3 15. Rb1 Nd7 16. Bb2 Bxb2 17. Rxb2 O-O 18. Nd4 Nc5 19. Nxe6 fxe6 20. Rd1
Rfd8 21. Rxd8+ Rxd8 22. Rb5 Nxa4 23. Rxa5 Nc3 24. Re5 Rd2 25. Bxb7 Nxe2+ 26.
Kf1 Nc3 27. Rxe6 Rxc2 28. Rc6 Rb2 29. Rc7 g6 30. h4 Kh8 31. Bf3 Rb3 32. Kf2 h5
33. Rd7 Ra3 34. Rb7 Kg8 35. Ke1 Ne4 36. Bxe4 1/2-1/2

[Event "Ctor por Equipos de Aragon-Division de Honor"]
[Site ""]
[Date "2023.03.11"]
[Round "7.3"]
[White "Quintin Navarro, Alberto"]
[Black "Ereza Vizcarra, Fernando"]
[Result "1-0"]
[WhiteElo "2373"]
[BlackElo "2125"]
[PlyCount "0"]
[WhiteTeam "MyInvestor Casablanca"]
[BlackTeam "Jaque - Aramovil"]
[EventDate "2023.01.28"]

1. d4 d6 2. Nf3 g6 3. c4 Bg7 4. Nc3 Bg4 5. e3 e5 6. Be2 Nc6 7. O-O Nge7 8. d5
Nb8 9. e4 O-O 10. Be3 Nd7 11. b4 a5 12. a3 b6 13. Nd2 Bxe2 14. Qxe2 f5 15. f3
f4 16. Bf2 g5 17. c5 axb4 18. axb4 Rxa1 19. Rxa1 bxc5 20. bxc5 dxc5 21. Qc4 Kh8
22. Bxc5 Ng6 23. Bxf8 Bxf8 24. Qc6 g4 25. fxg4 Qb8 26. Nb5 Qd8 27. Nxc7 Nb8 28.
Qc2 Qc8 29. Nf3 Bd6 30. Rc1 Qxg4 31. Nb5 1-0

[Event "Ctor por Equipos de Aragon-Division de Honor"]
[Site ""]
[Date "2023.03.11"]
[Round "7.4"]
[White "Carrasquer Alonso, Fernando"]
[Black "Vela Frago, Alberto"]
[Result "0-1"]
[WhiteElo "1874"]
[BlackElo "2213"]
[PlyCount "0"]
[WhiteTeam "Jaque - Aramovil"]
[BlackTeam "MyInvestor Casablanca"]
[EventDate "2023.01.28"]

1. e4 e5 2. Nf3 Nc6 3. Bb5 Bc5 4. Nc3 Nf6 5. d3 d6 6. Bg5 h6 7. Be3 Bxe3 8.
fxe3 a6 9. Bxc6+ bxc6 10. O-O a5 11. Qd2 O-O 12. d4 Qe7 13. Rfe1 Ba6 14. a4
Rfe8 15. Qf2 Rab8 16. b3 Rb4 17. Nh4 Ng4 18. Qg3 Nxe3 19. Na2 Nxc2 20. Nxb4
axb4 21. Nf5 Qg5 22. Rac1 Qxg3 23. hxg3 Nxe1 24. Rxe1 g6 25. Nxh6+ Kg7 26. Ng4
exd4 27. Kf2 Bc8 28. Kf3 f5 29. Nf2 c5 30. Kf4 Kf6 31. a5 Bb7 32. g4 g5+ 0-1

[Event "Ctor por Equipos de Aragon-Division de Honor"]
[Site ""]
[Date "2023.03.11"]
[Round "7.6"]
[White "Newrkla, Katharina"]
[Black "Dominguez Bujeda, Jesus"]
[Result "1-0"]
[WhiteElo "2255"]
[BlackElo "2064"]
[PlyCount "0"]
[WhiteTeam "Jaime Casas"]
[BlackTeam "Teruel"]
[EventDate "2023.01.28"]

1. e4 c5 2. Nf3 g6 3. d4 cxd4 4. Nxd4 Bg7 5. c4 Nc6 6. Be3 Nf6 7. Nc3 Ng4 8. Qxg4 
Nxd4 9. Qd1 Ne6 10. Qd2 Qa5 11. Rc1 b6 12. Be2 Bb7 13. f3 h5 14. 0-0 g5 15. Rfd1 
Bc6 16. b3 Qe5 17. Nd5 d6 18. Bf1 h4 19. Qf2 g4 20. fxg4 Qxe4 21. Bd3 Qe5 22. Rf1 
Bxd5 23. cxd5 Qxe3 24. Qxe3 Bd4 25. Qxd4 Nxd4 26. Rc7 0-0 27. Rxe7 Rae8 28. Rfe1 
Rxe7 29. Rxe7 Rc8 30. Re4 Nc2 31. Kf2 a5 32. Rc4 Rxc4 33. Bxc4 Kg7 34. h3 Kf6 35. 
g3 Kg5 36. a4 f6 37. Kf3 Nd4+ 38. Kg2 Nc2 39. Kf2 Nd4 40. gxh4+ Kxh4 41. Ke3 Nc2+ 
42. Kf4 Kxh3 43. Kf5 Nd4+ 44. Kxf6 Kxg4 45. Ke7 Nf5+ 46. Kd7 Kf4 47. Kc7 Ke5 48. 
Kxb6 Kd4 49. Kxa5 Kc5 50. Ka6 Ne3 51. Kb7 Kb4 52. Kb6  1-0

[Event "Ctor por Equipos de Aragon-Division de Honor"]
[Site ""]
[Date "2023.03.11"]
[Round "7.8"]
[White "Gimenez Martinez, Alberto"]
[Black "Barcena Laguia, Francisco"]
[Result "1-0"]
[WhiteElo "2196"]
[BlackElo "1795"]
[PlyCount "0"]
[WhiteTeam "Jaime Casas"]
[BlackTeam "Teruel"]
[EventDate "2023.01.28"]

1. e4 c5 2. Nf3 g6 3. d4 cxd4 4. Nxd4 Bg7 5. Nc3 Nc6 6. Be3 Nf6 7. Bc4 0-0 8. Bb3 
d6 9. f3 Bd7 10. Qd2 Rc8 11. 0-0-0 Na5 12. Kb1 Nc4 13. Bxc4 Rxc4 14. g4 a5 15. h4 
h5 16. gxh5 Nxh5 17. Nce2 e5 18. Nb3 a4 19. Na5 Rc8 20. Nxb7 Qc7 21. Nxd6 Rb8 22. 
Qc3 Qd8 23. Ba7 Nf4 24. Nxf4 exf4 25. Bd4 Bxd4 26. Qxd4 Qa5 27. h5 Rb4 28. Qf6 Rfb8 
29. Qxf7+  1-0

[Event "Ctor por Equipos de Aragon-Division de Honor"]
[Site ""]
[Date "2023.03.11"]
[Round "7.13"]
[White "Llanes Luno, Ricardo"]
[Black "Del Rey, Diego"]
[Result "0-1"]
[WhiteElo "2164"]
[BlackElo "2328"]
[PlyCount "0"]
[WhiteTeam "Delicias"]
[BlackTeam "El Olivar"]
[EventDate "2023.01.28"]

1. e4 c5 2. Nf3 Nc6 3. d4 cxd4 4. Nxd4 e5 5. Nb5 d6 6. a4 Be6 7. N1c3 Be7 8. Nd5 Bxd5 
9. exd5 Nb8 10. Qg4 Kf8 11. Be3 Nf6 12. Qc4 Nbd7 13. Nxa7 Qa5+ 14. c3 Nxd5 15. Nb5 Nxe3 
16. fxe3 Qb6 17. Nc7 Qxb2 18. Ra2 Qb1+ 19. Kf2 Nb6 20. Qe2 Rc8 21. a5 Rxc7 22. axb6 Rc8 
23. Rb2 Qf5+ 24. Qf3 Qxf3+ 25. Kxf3 Bf6 26. Rb3 d5 27. e4 d4 28. cxd4 exd4 29. Bd3 Ke7 
30. Ra1 Rc3 31. Rxc3 dxc3 32. Ra7 Rb8 33. Ke2 Kd6 34. Ra5 Kc6 35. e5 Be7 36. Rb5 Ra8 
37. Rb3 Ra2+ 38. Kf3 Ra3 39. Rxa3 Bxa3 40. Bxh7 g6 41. Ke2 c2 0-1

[Event "Ctor por Equipos de Aragon-Division de Honor"]
[Site ""]
[Date "2023.03.11"]
[Round "7.14"]
[White "Villuendas Valero, Adrian"]
[Black "Lamas Mercadal, Manuel"]
[Result "1-0"]
[WhiteElo "2259"]
[BlackElo "2107"]
[PlyCount "0"]
[WhiteTeam "El Olivar"]
[BlackTeam "Delicias"]
[EventDate "2023.01.28"]

1. d4 c5 2. d5 d6 3. e4 g6 4. c4 Nf6 5. Bd3 Bg7 6. Nc3 O-O 7. Nge2 e6 8. O-O exd5 
9. cxd5 a6 10. a4 Qc7 11. h3 Nbd7 12. Ng3 h5 13. Re1 Ne5 14. Bc2 h4 15. Nf1 Nh7 
16. f4 Nc4 17. Qe2 Na5 18. Nd2 Bd7 19. Nf3 b5 20. e5 Rfe8 21. e6 Nf6 22. Ng5 fxe6 
23. dxe6 Nc6 24. Bxg6 Nd4 25. Bf7+ Kh8 26. Qf2 Nf5 27. exd7 Rxe1+ 28. Qxe1 Nxd7 
29. Nd5 Bd4+ 30. Kh2 Qd8 31. Qe6 1-0

[Event "Ctor por Equipos de Aragon-Division de Honor"]
[Site ""]
[Date "2023.03.11"]
[Round "7.15"]
[White "Llanes Luno, Pedro Alfredo"]
[Black "Galstyan, David"]
[Result "0-1"]
[WhiteElo "2048"]
[BlackElo "2040"]
[PlyCount "0"]
[WhiteTeam "Delicias"]
[BlackTeam "El Olivar"]
[EventDate "2023.01.28"]

1. e4 e6 2. Qe2 c5 3. g3 Nc6 4. Bg2 Nge7 5. c3 e5 6. Na3 d6 7. Nf3 g6 8. b4 cxb4 
9. cxb4 Nxb4 10. d4 exd4 11. Qd2 Nbc6 12. Nxd4 Bg7 13. Bb2 Nxd4 14. Bxd4 Bxd4 15. Qxd4 Qa5+ 
16. Ke2 O-O 17. Nc4 Qa6 18. Rhc1 Be6 19. Qd3 Nc6 20. a3 Rfe8 21. Kf1 Na5 22. Nb2 Qxd3+ 
23. Nxd3 Nb3 24. Nf4 Nxa1 25. Rxa1 Rac8 26. h4 b5 27. Bf3 Rc3 28. Kg2 a5 29. Ne2 Rc4 
30. Rd1 Ra4 31. Nc3 Rxa3 32. Nxb5 Rb3 33. Nxd6 Rd8 34. Rd4 Rb4 35. Rd1 a4 36. e5 a3 
37. Bd5 Bxd5+ 38. Rxd5 Ra8 0-1

[Event "Ctor por Equipos de Aragon-Division de Honor"]
[Site ""]
[Date "2023.03.11"]
[Round "7.16"]
[White "Munoz Valles, Jorge"]
[Black "Roche Simon, Manuel Angel"]
[Result "1-0"]
[WhiteElo "1838"]
[BlackElo "1985"]
[PlyCount "0"]
[WhiteTeam "El Olivar"]
[BlackTeam "Delicias"]
[EventDate "2023.01.28"]

1. d4 d5 2. c4 e6 3. Nc3 c5 4. Nf3 cxd4 5. Nxd4 Nc6 6. cxd5 exd5 7. g3 Bc5 8. Nb3 Bb4 
9. Bg2 Nge7 10. O-O Be6 11. Bf4 a6 12. Rc1 O-O 13. a3 Bd6 14. Bg5 f6 15. Be3 Be5 
16. Bd4 Nxd4 17. Nxd4 Bf7 18. e3 Qb6 19. Na4 Qa7 20. Nc5 Rfc8 21. b4 b6 22. Ncb3 Rxc1 
23. Qxc1 Rc8 24. Qd2 Qd7 25. Rc1 Ra8 26. Rc3 f5 27. Qc1 g6 28. f4 Bd6 29. Nc6 Re8 
30. Nbd4 Nc8 31. Nf3 Ne7 32. Nce5 Bxe5 33. Nxe5 Qd6 34. Rc7 Be6 35. Qc3 Rd8 36. Nf3 Rc8 
37. Rxc8+ Nxc8 38. Nd4 Bd7 39. Qb3 Ne7 40. a4 Bc6 41. a5 Bb7 42. axb6 Qxb6 43. Qc3 Kf7 
44. Nf3 h6 45. Ne5+ Ke6 46. Kf2 g5 47. fxg5 hxg5 48. Nd3 Bc6 49. Qg7 Kd7 50. Qxg5 a5 
51. bxa5 Qxa5 52. Ne5+ Ke6 53. Nf3 Qa2+ 54. Kg1 Qa1+ 55. Bf1 Kd7 56. Nd4 Bb7 57. Nxf5 1-0

[Event "Ctor por Equipos de Aragon-Division de Honor"]
[Site ""]
[Date "2023.03.11"]
[Round "7.17"]
[White "Aranaz Murillo, Amalia"]
[Black "Navarro Alonso, Jorge"]
[Result "1-0"]
[WhiteElo "2265"]
[BlackElo "2186"]
[PlyCount "0"]
[WhiteTeam "Palacio De Pioneros B"]
[BlackTeam "Helios"]
[EventDate "2023.01.28"]

1. Nf3 c5 2. c4 Nc6 3. g3 e5 4. Nc3 g6 5. Bg2 Bg7 6. O-O d6 7. a3 a5 8. Ne1 Be6
9. d3 Nge7 10. Nc2 d5 11. cxd5 Nxd5 12. Ne3 Nde7 13. Ne4 b6 14. Ng5 Bc8 15. Qb3
O-O 16. Nd5 Nd4 17. Nxe7+ Qxe7 18. Qd1 Bb7 19. Bxb7 Qxb7 20. Be3 Nc6 21. Ne4 f5
22. Qb3+ Kh8 23. Nxc5 Qc7 24. Ne6 Qf7 25. Qc4 Rfc8 26. Nxg7 Kxg7 27. Rfc1 Nd4
28. Qxf7+ Kxf7 29. Bxd4 exd4 30. e3 Ke6 31. Kf1 Kd5 32. Ke2 a4 33. Kd2 Rc5 34.
exd4 Kxd4 35. Rxc5 bxc5 36. Rc1 Rb8 37. Rc4+ Kd5 38. Kc3 Ra8 39. d4 cxd4+ 40.
Rxd4+ Ke6 41. b4 axb3 42. Kxb3 Ke5 43. Rh4 h5 44. a4 Kd5 45. Rb4 Kc5 46. Rb5+
Kd4 47. a5 Ke4 48. Ka4 Kf3 49. Rb2 f4 50. gxf4 Kxf4 51. Rc2 g5 52. Rc5 h4 53.
h3 Rg8 54. a6 Kf3 55. Rf5+ Ke4 56. Ra5 g4 57. hxg4 Kf3 58. a7 Ra8 59. Kb5 Kxg4
60. Kb6 h3 61. Ra4+ Kg5 62. Kb7 h2 63. Ra1 1-0

[Event "Ctor por Equipos de Aragon-Division de Honor"]
[Site ""]
[Date "2023.03.11"]
[Round "7.18"]
[White "Eizaguerri Floris, Maria"]
[Black "Zambrana Petisme, Ramiro"]
[Result "1-0"]
[WhiteElo "2137"]
[BlackElo "2143"]
[PlyCount "0"]
[WhiteTeam "Helios"]
[BlackTeam "Palacio De Pioneros B"]
[EventDate "2023.01.28"]

1. e4 c5 2. Nf3 Nc6 3. d4 cxd4 4. Nxd4 g6 5. c4 Bg7 6. Be3 Nf6 7. Nc3 d6 8. Be2
O-O 9. O-O Nxd4 10. Bxd4 a5 11. h3 Bd7 12. Qc2 Bc6 13. Rad1 a4 14. c5 Qa5 15.
cxd6 exd6 16. a3 Rfe8 17. f3 d5 18. Bxf6 Bxf6 19. exd5 Qc5+ 20. Kh1 Bd7 21. Rd2
Rac8 22. Ne4 Qxc2 23. Nxf6+ Kg7 24. Rxc2 Rxc2 25. Nxe8+ Bxe8 26. Re1 Rxb2 27.
Bc4 Bb5 28. Bxb5 Rxb5 29. Rd1 Rc5 30. d6 Rc8 31. Rb1 Rb8 32. d7 Kf8 33. Rxb7
Rd8 34. Ra7 Ke7 35. Rxa4 Rxd7 36. Kh2 Rd2 37. Re4+ Kf6 38. h4 Ra2 39. Ra4 h5
40. Ra6+ Kg7 41. Ra7 Kf6 42. Kg3 Kg7 43. a4 Kf6 44. a5 Kg7 45. Ra8 Kh7 46. a6
Kg7 47. Kh3 Ra3 48. Kh2 Ra4 49. Kg3 Ra2 50. f4 Kf6 51. Ra7 Ra4 52. Kf3 Ra2 53.
Ke4 Rxg2 54. Rb7 Ra2 55. Rb6+ Ke7 56. Kd5 Kd7 57. Rb7+ Kc8 58. Rxf7 Rxa6 59.
Ke5 Ra4 60. Rf6 Ra5+ 61. Ke6 Ra1 62. Rxg6 1-0

[Event "Ctor por Equipos de Aragon-Division de Honor"]
[Site ""]
[Date "2023.03.11"]
[Round "7.19"]
[White "Colom Sienes, Eduardo"]
[Black "Guzman Moneo, Alberto"]
[Result "0-1"]
[WhiteElo "2086"]
[BlackElo "2146"]
[PlyCount "0"]
[WhiteTeam "Palacio De Pioneros B"]
[BlackTeam "Helios"]
[EventDate "2023.01.28"]

1. a3 d5 2. Nf3 g6 3. g3 Bg7 4. Bg2 e5 5. d3 Ne7 6. O-O h6 7. Nbd2 Be6 8. e4 c6
9. Re1 Nd7 10. c3 O-O 11. d4 dxe4 12. Nxe4 f5 13. Nd6 e4 14. Nxb7 Qc7 15. Nc5
Nxc5 16. dxc5 exf3 17. Rxe6 fxg2 18. Bf4 Qb7 19. Bd6 Rf7 20. Qd3 Kh7 21. Rae1
Ng8 22. g4 Qxb2 23. R1e3 Rd8 24. Rg3 Rdd7 25. Kxg2 fxg4 26. Qxg6+ Kh8 27. Qxg4
Qxf2+ 28. Kh3 Qf1+ 29. Kh4 Qf5 30. Qxf5 Rxf5 31. Re8 Kh7 32. Rge3 Rdf7 33. Kg3
Nf6 34. R8e7 Nd5 35. Rxf7 Rxf7 36. Re8 Bxc3 37. Bb8 Rb7 38. Rc8 Rxb8 0-1

[Event "Ctor por Equipos de Aragon-Division de Honor"]
[Site ""]
[Date "2023.03.11"]
[Round "7.20"]
[White "Torcal Miguel, Oscar"]
[Black "Gomez Salinas, Nestor"]
[Result "1-0"]
[WhiteElo "2055"]
[BlackElo "2048"]
[PlyCount "0"]
[WhiteTeam "Helios"]
[BlackTeam "Palacio De Pioneros B"]
[EventDate "2023.01.28"]

1. e4 c5 2. Nf3 d6 3. Bb5+ Bd7 4. Bxd7+ Nxd7 5. O-O Ngf6 6. Re1 e6 7. c3 Be7 8.
d3 O-O 9. h3 b5 10. Qe2 a5 11. Nbd2 Qb6 12. a4 b4 13. Nc4 Qc7 14. Bf4 Nb6 15.
cxb4 Nxc4 16. dxc4 e5 17. Bg5 axb4 18. Bxf6 Bxf6 19. b3 g6 20. Nh2 Bg5 21. Red1
Rad8 22. Qg4 Qe7 23. Rd3 Bf4 24. g3 h5 25. Qe2 Bh6 26. Rad1 Rd7 27. Rd5 Rfd8
28. Qd3 Kf8 29. Nf3 Ke8 30. Kg2 Qe6 31. Ng1 h4 32. Ne2 hxg3 33. Qxg3 Qf6 34.
R5d3 Ke7 35. Qg4 Rh8 36. Rf3 Qe6 37. Rd5 Rdd8 38. Kf1 Qxg4 39. hxg4 Bg5 40. Rg3
Rh4 41. Rdd3 Rdh8 42. Ng1 Bf6 43. Nf3 Rh1+ 44. Rg1 R1h3 45. Kg2 Bg5 46. Rgd1
Bf4 47. Rxd6 Rxf3 48. Kxf3 Rh3+ 49. Kg2 Rxb3 50. R6d3 Rb2 51. Ra1 b3 52. a5 Ra2
53. Rxa2 bxa2 54. Ra3 1-0

[Event "Ctor por Equipos de Aragon-Division de Honor"]
[Site ""]
[Date "2023.03.11"]
[Round "7.21"]
[White "Romero Pallares, Daniel"]
[Black "Van Ojik, Mark"]
[Result "1-0"]
[WhiteElo "2280"]
[BlackElo "2268"]
[PlyCount "0"]
[WhiteTeam "Palacio De Pioneros A"]
[BlackTeam "ONCE C. A. Aragon"]
[EventDate "2023.01.28"]

1. Nf3 d5 2. b3 Nf6 3. Bb2 Bf5 4. g3 e6 5. d3 Be7 6. Nh4 Bg6 7. Nxg6 hxg6 8.
Nd2 c6 9. Bg2 Nbd7 10. e3 a5 11. a4 Qc7 12. Qe2 Bb4 13. O-O O-O 14. f4 e5 15.
Nf3 exf4 16. exf4 Rfe8 17. Ne5 Nf8 18. Kh1 Rad8 19. d4 N6h7 20. Qd3 Qc8 21. Rf2
Re7 22. Raf1 Qf5 23. Qd1 f6 24. Nd3 Bd6 25. Re2 Rde8 26. Rxe7 Rxe7 27. Re1
Rxe1+ 28. Qxe1 g5 29. fxg5 Nxg5 30. Bc1 Ne4 31. Qxa5 Ne6 32. Be3 Kh7 33. Qe1 g5
34. Kg1 Qg6 35. Qf1 Kg7 36. Nf2 f5 37. Bh3 f4 38. Bxe6 Nxg3 39. hxg3 fxe3 40.
Qe2 Qxe6 41. Ng4 Bxg3 42. Nxe3 Qe4 43. Qd3 Qxd3 44. cxd3 Kf6 45. Kg2 Bf4 46.
Ng4+ Kf5 47. Kf3 Bc1 48. Nh6+ Ke6 49. Kg4 Bd2 50. Nf5 Kd7 51. Ng7 Bc1 52. Kf5
Be3 53. Ne6 g4 54. Nc5+ Kc8 55. Kxg4 Bxd4 56. Ne6 Bg1 57. Kf3 Kd7 58. Nf4 Kd6
59. Ke2 Bh2 60. Ng6 Bg3 61. Kf3 Bh2 62. Ke2 Bg3 63. Kf3 Kc5 64. Kxg3 Kb4 65.
Ne5 Kxb3 66. Nxc6 Kxa4 67. Ne7 d4 68. Kf4 b5 69. Ke4 b4 70. Kxd4 b3 71. Nd5 b2
72. Kc4 b1=N 73. Nc3+ Nxc3 74. Kxc3 Kb5 75. Kd4 Kc6 76. Ke5 1-0